[Event "Wroclaw op 5th"]
[Site "Wroclaw"]
[Date "2010.06.27"]
[Round "2"]
[White "Kaczmarek, Maciej"]
[Black "Sokalsky, Alexander"]
[Result "0-1"]
[WhiteElo "2032"]
[BlackElo "2217"]
[PlyCount "84"]
[EventDate "2010.06.26"]
[EventType "swiss"]
[EventRounds "9"]
[EventCountry "POL"]
[SourceTitle "CBM 137 Extra"]
[Source "ChessBase"]
[SourceDate "2010.09.01"]
[SourceVersion "1"]
[SourceVersionDate "2010.09.01"]
[SourceQuality "1"]

1. e4 c5 2. Nf3 e6 3. d4 cxd4 4. Nxd4 Nc6 5. Nb5 d6 6. c4 Nf6 7. N1c3 a6 8. Na3 d5 9. cxd5 exd5 10. exd5 Nb4 11. Bc4 b5 12. Bb3 Bc5 13. 0-0 0-0 14. Bg5 Bf5 15. Qf3 Bg6 16. Rad1 Qb6 17. Bxf6 Qxf6 18. Qxf6 gxf6 19. Rd2 Rfe8 20. Nc2 Nd3 21. Nd1 Rad8 22. a3 Nc1 23. Na1 Bd3 24. Bc2 Ne2+ 25. Kh1 Ng3+ 26. hxg3 Bxf1 27. b4 Bb6 28. Nb3 Re1 29. Kh2 Bc4 30. Nc3 Kg7 31. Nc5 Ra1 32. d6 Rxa3 33. N3e4 a5 34. Nb7 axb4 35. Nxd8 Bxd8 36. Nc5 b3 37. Bb1 Ra1 38. Rb2 Ra2 39. Rxb3 Bxb3 40. Bxa2 Bxa2 41. Nb7 Bb6 42. d7 Bd5 0-1

[Event "Krakow-ch Seniors/Juniors"]
[Site "Krakow"]
[Date "2010.05.01"]
[Round "8"]
[White "Sokalsky, Alexander"]
[Black "Kuziola, Mateusz"]
[Result "0-1"]
[WhiteElo "2208"]
[BlackElo "2336"]
[PlyCount "202"]
[EventDate "2010.04.25"]
[EventType "swiss"]
[EventRounds "9"]
[EventCountry "POL"]
[SourceTitle "EXT 2023"]
[Source "ChessBase"]
[SourceDate "2022.10.05"]
[SourceVersion "1"]
[SourceVersionDate "2022.10.05"]
[SourceQuality "1"]

1. b3 c5 2. Bb2 Nc6 3. e3 e5 4. c4 d6 5. Nc3 g6 6. d3 Bg7 7. g3 Nge7 8. Bg2 Be6 9. Nge2 Qd7 10. Nd5 0-0 11. Nec3 Bh3 12. Nxe7+ Nxe7 13. Bf3 Rab8 14. Rg1 h5 15. g4 Bxg4 16. Bxg4 hxg4 17. Qxg4 Qxg4 18. Rxg4 f5 19. Rg2 Kf7 20. Nb5 a6 21. Nc3 Rh8 22. 0-0-0 Rh4 23. Nd5 Nxd5 24. cxd5 Rbh8 25. Rh1 Bf6 26. Bc3 g5 27. f3 Rh3 28. Rf2 f4 29. e4 g4 30. fxg4 Rxd3 31. Bd2 Rdh3 32. Rg2 Bh4 33. g5 Bg3 34. Rf1 Bxh2 35. g6+ Kg7 36. Ba5 Bg3 37. Bc7 f3 38. Rxf3 Bf4+ 39. Rxf4 exf4 40. Bxd6 Rh1+ 41. Kd2 R8h2 42. Be5+ Kg8 43. Rxh2 Rxh2+ 44. Kd1 Rg2 45. d6 Kf8 46. Bxf4 Rxg6 47. e5 Kf7 48. Be3 b6 49. b4 cxb4 50. Bxb6 Ke6 51. Ba5 Kxe5 52. Bxb4 Rg4 53. a3 Kd5 54. Ke2 Kc4 55. Ba5 Re4+ 56. Kf3 Rd4 57. Bc7 Kb5 58. Ke3 Rd1 59. Ke4 a5 60. a4+ Kxa4 61. Ke5 Kb5 62. Ke6 Kc6 63. Bxa5 Rxd6+ 64. Kf7 Rd5 65. Bb4 Rd4 66. Bc3 Rf4+ 67. Ke6 Re4+ 68. Kf5 Kd5 69. Kf6 Re6+ 70. Kf7 Kd6 71. Bb4+ Kd7 72. Ba3 Re3 73. Bb2 Rf3+ 74. Kg6 Rb3 75. Ba1 Ke6 76. Kg5 Rf3 77. Bb2 Rf1 78. Bc3 Kd5 79. Bb2 Ke4 80. Bc3 Rf5+ 81. Kg6 Kf4 82. Bb2 Rb5 83. Bc3 Rb7 84. Ba1 Re7 85. Bb2 Re6+ 86. Kf7 Kf5 87. Kg7 Re7+ 88. Kf8 Ke6 89. Ba1 Rf7+ 90. Kg8 Ke7 91. Bc3 Rf3 92. Bb2 Rb3 93. Bd4 Rd3 94. Bb2 Rd2 95. Bc3 Rc2 96. Bd4 Rc6 97. Bb2 Rg6+ 98. Kh7 Kf7 99. Bd4 Rg4 100. Bf2 Rg2 101. Be3 Rh2+ 0-1

[Event "Krakow-ch Seniors/Juniors"]
[Site "Krakow"]
[Date "2010.04.26"]
[Round "2"]
[White "Sokalsky, Alexander"]
[Black "Fraczek, Daniel"]
[Result "0-1"]
[WhiteElo "2208"]
[BlackElo "2380"]
[PlyCount "92"]
[EventDate "2010.04.25"]
[EventType "swiss"]
[EventRounds "9"]
[EventCountry "POL"]
[SourceTitle "EXT 2023"]
[Source "ChessBase"]
[SourceDate "2022.10.05"]
[SourceVersion "1"]
[SourceVersionDate "2022.10.05"]
[SourceQuality "1"]

1. b3 Nf6 2. Bb2 g6 3. c4 Bg7 4. g3 0-0 5. Bg2 d6 6. e3 e5 7. d3 Re8 8. Ne2 c6 9. Nd2 a5 10. 0-0 Na6 11. a3 Bf5 12. e4 Bd7 13. Qc2 Rc8 14. Nf3 b5 15. h3 Nc5 16. b4 Na4 17. Nc3 Nxb2 18. Qxb2 Qb6 19. bxa5 Qxa5 20. cxb5 cxb5 21. Na2 Bh6 22. Nb4 Rc7 23. Kh2 Rec8 24. d4 exd4 25. Nxd4 Bg7 26. Qe2 Rc4 27. e5 dxe5 28. Nf3 Re8 29. Nd2 Rc3 30. Nb1 Rcc8 31. Rd1 e4 32. Ra2 Bh6 33. Rd6 Be6 34. Rc2 Rxc2 35. Qxc2 Rc8 36. Qd1 Bf8 37. Ra6 Qc7 38. Nd2 Rd8 39. Qe1 Qc3 40. Nf3 Bxb4 41. axb4 Qc8 42. Rxe6 Qxe6 43. Ng5 Qe5 44. h4 h6 45. Nh3 Ng4+ 46. Kg1 e3 0-1

[Event "Dortmund op"]
[Site "Dortmund"]
[Date "2009.07.12"]
[Round "9"]
[White "Krueger, Andre"]
[Black "Sokalsky, Alexander"]
[Result "0-1"]
[WhiteElo "2085"]
[BlackElo "2225"]
[PlyCount "96"]
[EventDate "2009.07.04"]
[EventType "swiss"]
[EventRounds "9"]
[EventCountry "GER"]
[SourceTitle "CBM 131 Extra"]
[Source "ChessBase"]
[SourceDate "2009.09.03"]
[SourceVersion "2"]
[SourceVersionDate "2009.09.16"]
[SourceQuality "1"]

1. d4 g6 2. e4 Bg7 3. Nc3 c6 4. Nf3 d5 5. h3 dxe4 6. Nxe4 Nh6 7. Bxh6 Bxh6 8. Bc4 0-0 9. 0-0 Nd7 10. Qe2 Nb6 11. Bb3 Nd5 12. Neg5 e6 13. Ne4 Bg7 14. Rad1 Nf6 15. Ne5 Nxe4 16. Qxe4 Qc7 17. f4 Rb8 18. c4 Bd7 19. Rf2 Rbd8 20. c5 Bc8 21. Nc4 Bf6 22. Ne5 Bg7 23. Kh2 Rfe8 24. Ba4 Qe7 25. b4 a6 26. Nc4 Rf8 27. Nd6 Qc7 28. Bb3 Bd7 29. Kh1 Ra8 30. a4 Rad8 31. a5 Bc8 32. Nc4 Rfe8 33. g3 Rf8 34. Kh2 Rd5 35. Ne5 Rdd8 36. Nc4 Kh8 37. Nd6 Rxd6 38. cxd6 Qxd6 39. Qe1 Rd8 40. Qd2 Kg8 41. Rf3 Bf8 42. b5 axb5 43. Qa2 Bg7 44. Rfd3 Bf6 45. h4 h5 46. Kg2 Kg7 47. f5 gxf5 48. Qe2 Rh8 0-1

[Event "Dortmund op"]
[Site "Dortmund"]
[Date "2009.07.04"]
[Round "1"]
[White "Kelm, Marcel"]
[Black "Sokalsky, Alexander"]
[Result "0-1"]
[WhiteElo "1969"]
[BlackElo "2225"]
[PlyCount "91"]
[EventDate "2009.07.04"]
[EventType "swiss"]
[EventRounds "9"]
[EventCountry "GER"]
[SourceTitle "CBM 131 Extra"]
[Source "ChessBase"]
[SourceDate "2009.09.03"]
[SourceVersion "2"]
[SourceVersionDate "2009.09.16"]
[SourceQuality "1"]

1. e4 c5 2. Ne2 e6 3. c4 Nc6 4. Nbc3 Nd4 5. d3 d6 6. Nxd4 cxd4 7. Ne2 e5 8. h3 Be7 9. g3 h5 10. Bg2 h4 11. g4 g5 12. b4 Bd7 13. a4 Nh6 14. Qb3 Be6 15. a5 Rc8 16. Bd2 Kf8 17. Qc2 Qd7 18. Qc1 f6 19. f3 d5 20. exd5 Bxd5 21. Qc2 Bf7 22. Nc1 Kg7 23. 0-0 Bg6 24. Re1 Nf7 25. Re2 Nd8 26. Qb3 Ne6 27. Na2 Rhe8 28. Rae1 Bd6 29. Bc1 b5 30. c5 Bb8 31. Rc2 a6 32. c6 Qd6 33. Bd2 Bc7 34. Nc1 Re7 35. f4 gxf4 36. Be4 Bxe4 37. dxe4 d3 38. Qxd3 Qxd3 39. Nxd3 Nd4 40. Rec1 Nxc2 41. Rxc2 Bd6 42. Be1 Rec7 43. Nc5 Bxc5+ 44. Rxc5 Rxc6 45. Bf2 Rxc5 46. bxc5 0-1